000 00629nam a2200229Ia 4500
003 OSt
005 20221007071808.0
006 a|||||r|||| 00| 0
007 ta
008 221006b |||||||| |||| 00| 0 eng d
024 _a25,804
037 _cTextual
040 _aFLL
_cFLL
_beng
041 _2eng
_aeng
082 _aX:96:Z3, K3
100 _aGrunfeld Cyril
_9689440
245 0 _aTrade unions and the individual in English law
260 _aLondon
_bInstitute of personal Management UK
_c1963
300 _a60p
_ccm.
942 _hX:96:Z3, K3
_cTEXL
_2CC
999 _c1144346
_d1144346